Zdenek Kopal's Binary Star Legacy /

Guardado en:
Bibliografiske detaljer
Hovedforfatter: Horst Drechsel, Miloslav Zejda (edición)
Format: Bog
Sprog:engelsk
Udgivet: Dordrecht, Holanda : Springer, 2005, c2005
Online adgang:Ver documento en línea
Tags: Tilføj Tag
Ingen Tags, Vær først til at tagge denne postø!

MARC

LEADER 00000nam^a22000000a04500
001 000599914
009 20260415115242.243
020 |a 978-1-4020-3875-4 
037 |a Acervo ITESO - Biblioteca 
041 |a ING 
082 |a Libro en línea 
100 |a Horst Drechsel, Miloslav Zejda  |e (edición) 
245 |a Zdenek Kopal's Binary Star Legacy / 
264 4 |a Dordrecht, Holanda :  |b Springer,  |c 2005, c2005 
264 2 |a Cham, Suiza :  |b Springer Link [distribución],  |c 2025 
300 |a 1 libro electrónico en línea (XXIV, 488 p.) 
300 |a 1 recurso en línea 
336 |a datos para computadora  |b cod  |2 rdacontenido 
337 |a computadora  |b c  |2 rdamedio 
338 |a recurso en línea  |b cr  |2 rdasoporte 
506 0 |a Licencias ilimitadas 
567 |a Catalogación rápida 
649 |a XX 
856 4 0 |u https://link-springer-com.ezproxy.iteso.mx/10.1007/1-4020-3875-5  |y Ver documento en línea 
910 |a Fondo General 
920 |a Electrónicos - Libros en Línea 
930 |a Plataforma Digital 
905 |a 205 
902 |a https://opac.biblio.iteso.mx/vufind/Record/000599914